Statistiken für Alle Minderheiten Litauens

Klicken Sie hier um das Quiz zu spielen!

Allgemein

  • Dieses Quiz wurde 22 mal gespielt
  • Das Durchschnittsergebnis liegt bei 15 aus 20

Antwortstatistiken

BevölkerungLand% Korrekt
12,529Russland
100%
16,927Ukraine
100%
12,204Weißrussland
100%
768Deutschland
94%
1,100Lettland
94%
736Polen
94%
470China
83%
305Rumänien
83%
507USA
83%
416Türkei
78%
369Vereinigtes Königreich
72%
445Italien
67%
490Moldawien
67%
472Syrien
67%
346Armenien
61%
826Indien
61%
382Aserbaidschan
56%
369Georgien
56%
399Kasachstan
56%
445Israel
44%

Verteilung der Resultate

Perzentil nach korrekt beantworteten Fragen

Anzahl Personen mit jedem Resultat

Ihre Resultats-Entwicklung

Sie haben dieses Quiz noch nicht gespielt